000 01261 a2200217 4500
008 210817b ||||| |||| 00| 0 eng d
020 _a9780132166751 (pbk.)
020 _a0132166755 (pbk.)
050 _aQA76
_b.R39 2011
100 _aReed, David, Ph. D
245 _aA balanced introduction to computer science /
_cDavid Reed
250 _a3rd ed.
260 _bPrentice Hall,
_c2011.
_aLondon :
_aUpper Saddle River, N.J. ;
300 _axx, 398 pages :
_billustrations ;
_c26 cm
500 _aPrevious edition: 2008
505 _aIncludes index
505 _aComputer basics -- HTML and web pages -- The Internet and the web -- JavaScript and dynamic web pages -- JavaScript and user interaction -- The history of computers -- Functions and randomness -- Algorithms and programming languages -- Abstraction and libraries -- Computer science as a discipline -- Conditional execution -- Data representation -- Conditional repetition -- Inside the computer - the von Neumann architecture -- JavaScript strings -- Inside the computer - transistors and integrated circuits -- JavaScript arrays -- Computers and society
650 _aComputer science
650 _aComputer science
_vProblems, exercises, etc
942 _cBK
_2lcc
999 _c56817
_d56817